000 00939nam a2200301Ia 4500
003 OSt
005 20221006160403.0
006 a|||||r|||| 00| 0
007 ta
008 221006b |||||||| |||| 00| 0 eng d
020 _a9780824833053
_c
_58.00
024 _a45,106
037 _bGift, Japan Foundation
_cTextual
040 _aEASL
_cEASL
_beng
041 _2eng
_aeng
082 _aP420aR, P9
100 _aLee Yeounsuk
_9673167
245 0 _aIdeology of Kokugo
_b Nationalizing language in Modern Japan
260 _aHonolulu
_bUniversity of Hawaii Press
_c2009
300 _a262p.
_ccm.
490 _v JEL
650 _a JEL
650 _a Language policy - Japan
_9673168
650 _aJapanese language - Philosophy
_9673169
700 _a Hubbard Maki Hirano Tr.
_9673170
942 _hP420aR, P9
_cTEXL
_2CC
999 _c1113198
_d1113198